000 00296nam a2200121Ia 4500
008 240731s9999 xx 000 0 und d
022 _a2154-0128
245 0 _aAfrican Security Review
260 _bRoutledge
856 _uhttps://www.tandfonline.com/loi/rasr20
942 _2ddc
942 _cTFEJ
999 _c75217
_d75217
945 _a1
_bMadushi Gamage
_c1
_dMadushi Gamage